MARC

LEADER 00000nam1a2200000 4500
001 224170
005 20231031200338.0
035 |a (RuTPU)RU\TPU\book\244459 
090 |a 224170 
100 |a 20121019d2012 m y0rusy50 ca 
101 0 |a rus 
102 |a RU 
200 1 |a Основы гидрогеохимии  |e учебник  |f В. В. Тихомиров  |g Санкт-Петербургский государственный университет (СПбГУ) 
210 |a СПб.  |c Изд-во СПбГУ  |d 2012-2014 
700 1 |a Тихомиров  |b В. В.  |g Вячеслав Владимирович 
712 0 2 |a Санкт-Петербургский государственный университет (СПбГУ)  |c (1991- )  |2 stltpush  |3 (RuTPU)RU\TPU\col\62 
801 1 |a RU  |b 63413507  |c 20121019 
801 2 |a RU  |b 63413507  |c 20150402  |g RCR 
942 |c BK